Statistics for U.S. General Knowledge #60

Click here to take the quiz!

General Stats

  • This quiz has been taken 7,878 times
  • The average score is 12 of 20

Answer Stats

QuestionAnswer% Correct
By weight, what is the most-consumed fruit in the United States?Bananas
88%
What was the name and number of the first mission to land a person on the moon?{Apollo} {11}
82%
What is the name of the starship in "Star Trek"?USS Enterprise
74%
Which U.S. state bills itself as the "Land of Lincoln"?Illinois
72%
What is known as "The City of Brotherly Love" despite having a murder rate many
times the national average?
Philadelphia
72%
What supermodel married Tom Brady in 2009?Gisele Bündchen
68%
In checkers, what is the name of a piece that can move both forwards and backwards?King
68%
What company was founded in Oregon in 1964 by Phil Knight and his track coach?Nike
67%
Who is Donald Duck's rich uncle?Scrooge McDuck
64%
What New York skyscraper is the tallest building in the United States at 1776 feet?
One World
Trade Center
61%
What does the winner of the Masters golf tournament get to wear?Green jacket
61%
What city was the primary capital of the Confederate States of America?Richmond, Virginia
60%
What is the town of Jackson, Wyoming often mistakenly called?Jackson {Hole}
56%
What typically has 12 members, but can have up to 23 if it's "grand"?Jury
52%
What percussion instrument did the band Blue Öyster Cult need more of in a
"Saturday Night Live" sketch from the year 2000?
Cowbell
51%
If I have a mustache, drink PBR, and liked things before they were cool, what am I?Hipster
51%
What company owns Old Navy and Banana Republic?The Gap
47%
Who has been with her partner Stedman Graham since 1986, though never married?Oprah Winfrey
42%
What is the U.S. government not allowed to "establish" according to the First Amendment
to the Constitution?
State religion
37%
What famous person has the middle name Robinette?Joe Biden
33%

Score Distribution

Percentile by Number Answered

Percent of People with Each Score

Your Score History

You have not taken this quiz